000 00668nam a2200193Ia 4500
003 GCL
008 140319s9999 xx 000 0 ara d
040 _aGCL /
_cGCL
082 0 4 _a621.4
_bع ا
100 1 _aعلى صالح النجار
245 1 0 _aاسس صيانة وتصليح المحركات /
_cعلى صالح النجار
250 _aالاولى
260 _aالاردن :
_bدار اليازورى العلمية للنشر والتوزيع ،
_c2005
300 _a708 ص ؛
_c24 سم
650 0 4 _aالمولدات الكهربائية
650 0 4 _aالمحركات - تصليح
650 0 4 _aالمحركات - صيانة
942 _2ddc
_cBK
999 _c56450
_d56450